<?xml version="1.0" encoding="UTF-8"?>
<record
    xmlns:xsi="http://www.w3.org/2001/XMLSchema-instance"
    xsi:schemaLocation="http://www.loc.gov/MARC21/slim http://www.loc.gov/standards/marcxml/schema/MARC21slim.xsd"
    xmlns="http://www.loc.gov/MARC21/slim">

  <leader>01687nam a22002177a 4500</leader>
  <controlfield tag="005">20250122114946.0</controlfield>
  <controlfield tag="008">250122b           ||||| |||| 00| 0 eng d</controlfield>
  <datafield tag="020" ind1=" " ind2=" ">
    <subfield code="a">9789393159946</subfield>
  </datafield>
  <datafield tag="040" ind1=" " ind2=" ">
    <subfield code="c">AL</subfield>
  </datafield>
  <datafield tag="041" ind1=" " ind2=" ">
    <subfield code="a">eng</subfield>
  </datafield>
  <datafield tag="082" ind1=" " ind2=" ">
    <subfield code="2">23</subfield>
    <subfield code="a">541.223</subfield>
    <subfield code="b">KALS</subfield>
  </datafield>
  <datafield tag="100" ind1=" " ind2=" ">
    <subfield code="a">Kalsi P S</subfield>
    <subfield code="9">194525</subfield>
  </datafield>
  <datafield tag="245" ind1=" " ind2=" ">
    <subfield code="a">Stereochemistry: confirmation and mechanism</subfield>
  </datafield>
  <datafield tag="250" ind1=" " ind2=" ">
    <subfield code="a">11th ed.</subfield>
  </datafield>
  <datafield tag="260" ind1=" " ind2=" ">
    <subfield code="a">London</subfield>
    <subfield code="b">New Age International Publishers</subfield>
    <subfield code="c">2022</subfield>
  </datafield>
  <datafield tag="300" ind1=" " ind2=" ">
    <subfield code="a">xviii,664p.</subfield>
    <subfield code="b">PB</subfield>
    <subfield code="c">24x17cm.</subfield>
  </datafield>
  <datafield tag="365" ind1=" " ind2=" ">
    <subfield code="2">General</subfield>
    <subfield code="a">ABDI/0786/25</subfield>
    <subfield code="b">&#x20B9;449.25</subfield>
    <subfield code="c">&#x20B9;</subfield>
    <subfield code="d">&#x20B9;599.00</subfield>
    <subfield code="e">25%</subfield>
    <subfield code="f">06-01-2025</subfield>
  </datafield>
  <datafield tag="520" ind1=" " ind2=" ">
    <subfield code="a">Stereochemistry has always occupied a central position and is pivotal to the practice of organic chemistry. A solid understanding of this subject is indeed critical to subsequent success in a science career. The new eleventh edition provides new material and problems to help the students. The key features of this new edition are:
The new added material further impresses the role of stereochemistry in understanding mechanism of organic reactions and synthesis and prepares the students for NET examination.
The existing material in the first chapter has been extensively rewritten and rearranged. The fundamental principles have been explained by taking the same compound bromochlorofluoromethane.
New material and problems have been added in all the chapters.
The updated concepts of stereochemistry and dynamic aspect of stereochemistry have been incorporated.
Material on topicity has been further modified. This book will prove to be a boon to the students preparing for the NET(CSIR), GATE and other competitive examinations.</subfield>
  </datafield>
  <datafield tag="650" ind1=" " ind2=" ">
    <subfield code="2">Physical Chemistry</subfield>
    <subfield code="a">Stereochemistry</subfield>
    <subfield code="9">194526</subfield>
  </datafield>
  <datafield tag="942" ind1=" " ind2=" ">
    <subfield code="2">ddc</subfield>
    <subfield code="c">BK</subfield>
  </datafield>
  <datafield tag="999" ind1=" " ind2=" ">
    <subfield code="c">233684</subfield>
    <subfield code="d">233684</subfield>
  </datafield>
  <datafield tag="952" ind1=" " ind2=" ">
    <subfield code="0">0</subfield>
    <subfield code="1">0</subfield>
    <subfield code="2">ddc</subfield>
    <subfield code="4">0</subfield>
    <subfield code="7">0</subfield>
    <subfield code="8">GC</subfield>
    <subfield code="a">SACPG</subfield>
    <subfield code="b">SACPG</subfield>
    <subfield code="d">2025-01-20</subfield>
    <subfield code="e">Academic Book Distributors</subfield>
    <subfield code="g">449.25</subfield>
    <subfield code="l">0</subfield>
    <subfield code="o">541.223 KALS</subfield>
    <subfield code="p">PG024799</subfield>
    <subfield code="r">2025-01-22 00:00:00</subfield>
    <subfield code="v">599.00</subfield>
    <subfield code="w">2025-01-22</subfield>
    <subfield code="y">BK</subfield>
  </datafield>
</record>
